[Event "Pfalz op 03rd"]
[Site "Neustadt an der Weinstrasse"]
[Date "2012.02.20"]
[Round "3"]
[White "Worth, Lucas"]
[Black "Schrems, Hermann"]
[Result "0-1"]
[WhiteElo "1972"]
[BlackElo "2188"]
[PlyCount "74"]
[EventDate "2012.02.17"]
[EventType "swiss"]
[EventRounds "9"]
[EventCountry "GER"]
[SourceTitle "EXT 2013"]
[Source "ChessBase"]
[SourceDate "2012.11.22"]
[SourceVersion "1"]
[SourceVersionDate "2012.11.22"]
[SourceQuality "1"]

1. d4 Nf6 2. c4 c5 3. Nf3 g6 4. g3 Bg7 5. Bg2 0-0 6. 0-0 cxd4 7. Nxd4 Nc6 8. Nc3 a6 9. Nb3 Na5 10. c5 Qc7 11. Nxa5 Qxa5 12. Na4 d6 13. cxd6 exd6 14. Nc3 Be6 15. Bxb7 Rab8 16. Bg2 d5 17. a3 Rfc8 18. Qa4 Qb6 19. Bf4 Rc4 20. Qd1 Rbc8 21. Na4 Qb5 22. b4 Nh5 23. Ra2 Nxf4 24. gxf4 Rc1 25. Qd2 Rxf1+ 26. Kxf1 Qxa4 27. Bxd5 Rd8 28. e4 Bxd5 29. exd5 Qb5+ 30. Kg2 Qxd5+ 31. Qxd5 Rxd5 32. Rc2 a5 33. Rc5 Rxc5 34. bxc5 Kf8 35. Kf3 Ke7 36. Ke4 Ke6 37. a4 f5+ 0-1

[Event "Pfalz op 03rd"]
[Site "Neustadt an der Weinstrasse"]
[Date "2012.02.17"]
[Round "1"]
[White "Worth, Lucas"]
[Black "Kabos, Tobias"]
[Result "1/2-1/2"]
[WhiteElo "1972"]
[BlackElo "2232"]
[PlyCount "52"]
[EventDate "2012.02.17"]
[EventType "swiss"]
[EventRounds "9"]
[EventCountry "GER"]
[SourceTitle "EXT 2013"]
[Source "ChessBase"]
[SourceDate "2012.11.22"]
[SourceVersion "1"]
[SourceVersionDate "2012.11.22"]
[SourceQuality "1"]

1. d4 Nf6 2. c4 g6 3. Nc3 Bg7 4. Nf3 0-0 5. g3 d6 6. Bg2 Nc6 7. 0-0 a6 8. d5 Na5 9. Nd2 c5 10. Qc2 Rb8 11. a3 b5 12. cxb5 axb5 13. b4 cxb4 14. axb4 Nc4 15. Ra7 Bd7 16. Nxc4 bxc4 17. b5 Re8 18. Bd2 Bxb5 19. Nxb5 Rxb5 20. Qxc4 Qb8 21. Ra5 Rb2 22. Qd3 Nd7 23. Bf4 Qb6 24. Ra6 Qb7 25. Rc6 Ne5 26. Bxe5 Bxe5 1/2-1/2

[Event "Rheinhessen-ch HTA"]
[Site "Pfeddersheim"]
[Date "2011.04.22"]
[Round "2"]
[White "Worth, Lucas"]
[Black "Meng, Gunter"]
[Result "1/2-1/2"]
[WhiteElo "1638"]
[BlackElo "1879"]
[PlyCount "58"]
[EventDate "2011.04.21"]
[EventType "tourn"]
[EventRounds "5"]
[EventCountry "GER"]
[SourceTitle "EXT 2012"]
[Source "ChessBase"]
[SourceDate "2011.11.24"]
[SourceVersion "1"]
[SourceVersionDate "2011.11.24"]
[SourceQuality "1"]

1. d4 d5 2. c4 e6 3. Nc3 c6 4. cxd5 exd5 5. Bf4 Bf5 6. e3 Qb6 7. Qd2 Nf6 8. a3 Be7 9. Be2 Nbd7 10. Nf3 Ne4 11. Nxe4 Bxe4 12. 0-0 0-0 13. Ne5 Nxe5 14. Bxe5 Qd8 15. Rac1 Bd6 16. Bxd6 Qxd6 17. Qb4 Qxb4 18. axb4 a6 19. Ra1 Bg6 20. Ra3 f5 21. g3 Be8 22. h4 Bd7 23. Bf3 Rae8 24. Kg2 Re7 25. Bd1 g6 26. Bc2 Rff7 27. f4 Rg7 28. Kf3 h6 29. Raa1 h5 1/2-1/2

[Event "Rheinhessen-ch HTA"]
[Site "Gau Algesheim"]
[Date "2010.03.28"]
[Round "4"]
[White "Marbe, Andre"]
[Black "Worth, Lucas"]
[Result "1/2-1/2"]
[WhiteElo "1607"]
[BlackElo "1461"]
[PlyCount "34"]
[EventDate "2010.03.27"]
[EventType "swiss"]
[EventRounds "7"]
[EventCountry "GER"]
[SourceTitle "EXT 2012"]
[Source "ChessBase"]
[SourceDate "2011.11.24"]
[SourceVersion "1"]
[SourceVersionDate "2011.11.24"]
[SourceQuality "1"]

1. d4 Nf6 2. Nf3 g6 3. c4 Bg7 4. Nc3 d6 5. e4 Nbd7 6. Be3 0-0 7. Be2 e5 8. d5 h6 9. Qd2 Ng4 10. h4 Nxe3 11. Qxe3 f5 12. exf5 gxf5 13. 0-0-0 Nf6 14. Nd2 a6 15. g3 Bd7 16. Rdg1 Rb8 17. a3 Qc8 1/2-1/2

[Event "Rheinhessen-ch HTA"]
[Site "Gau Algesheim"]
[Date "2010.03.27"]
[Round "1"]
[White "Worth, Lucas"]
[Black "Krahnke, Alexander"]
[Result "1/2-1/2"]
[WhiteElo "1461"]
[BlackElo "1738"]
[PlyCount "45"]
[EventDate "2010.03.27"]
[EventType "swiss"]
[EventRounds "7"]
[EventCountry "GER"]
[SourceTitle "EXT 2012"]
[Source "ChessBase"]
[SourceDate "2011.11.24"]
[SourceVersion "1"]
[SourceVersionDate "2011.11.24"]
[SourceQuality "1"]

1. d4 c5 2. Nf3 cxd4 3. Nxd4 d5 4. g3 e5 5. Nb3 Nf6 6. Bg2 Be7 7. 0-0 0-0 8. Bg5 Be6 9. c3 Nc6 10. Qc2 h6 11. Bxf6 Bxf6 12. Rd1 Rc8 13. Rd2 Qb6 14. Qd1 Ne7 15. a4 d4 16. Nc1 Bg5 17. a5 Qb5 18. Rc2 Bf5 19. Nd3 e4 20. Na3 Qd7 21. Nf4 e3 22. Rcc1 Bxf4 23. gxf4 1/2-1/2